Quick Pick: US States in Song Titles Quiz Stats

 Plays Quiz Updated Jul 4, 2018

Challenge
Share
Tweet
Embed
Score 0/9 Timer 01:00
3 Plays Today
% Correct
Alabama
96.9%
California
92.3%
Georgia
90%
New York
86.7%
Hawaii
77.6%
Mississippi
70.4%
Tennessee
69.2%
Virginia
65.5%
Kentucky
64.4%

Today's Daily Dose

Word Ladder
King of the...

Quick Pick
The Doors Songs

On This Day
August 17th II

You're not logged in!

Compare scores with friends on all Sporcle quizzes.
Join for Free
OR
Log In

You Might Also Like...

Show Comments

Extras

Top Quizzes Today


Score Distribution

Your Account Isn't Verified!

In order to create a playlist on Sporcle, you need to verify the email address you used during registration. Go to your Sporcle Settings to finish the process.

Report this User

Report this user for behavior that violates our Community Guidelines.

Details: